| 000 | 00000nam##2200000za#4500 |
| 001 | 9.615915 |
| 003 | CaOODSP |
| 005 | 20200514165642 |
| 007 | ta |
| 008 | 150406|2001||||xxc||||| f|0| 0 eng|d |
| 020 | |a0-662-31763-7 |
| 040 | |aCaOODSP|beng |
| 043 | |an-cn--- |
| 086 | 1 |aNH18-24/31E |
| 110 | 2 |aCanada Mortgage and Housing Corporation. |
| 245 | 10|aUnderstanding and dealing with interactions between trees, sensitive clay soils and foundations |
| 260 | |aOttawa - Ontario : |bCanada Mortgage and Housing Corporation |c2001. |
| 300 | |a8p. : |bfigs., references ; |c28 cm. |
| 490 | 1 |aAbout your house |vCE31 |
| 563 | |aPamphlet |
| 590 | |a02-08|b2002-02-22 |
| 690 | 07|aSoil|2gcpds |
| 690 | 07|aHousing|2gcpds |
| 690 | 07|aTrees|2gcpds |
| 775 | 08|tComprendre l'interaction des arbres, du sol d'argile sensible et des fondations et agir en conséquence |w(CaOODSP)9.625895 |
| 776 | 0#|tUnderstanding and dealing with interactions between trees, sensitive clay soils and foundations |w(CaOODSP)9.571816 |
| 830 | #0|aAbout your house ;|vCE31|w(CaOODSP)9.514828 |
| 986 | |a62226 |